000 00678nam a2200241 i 4500
001 bg
100 1 _aBremer, Aleksander.
245 0 _aAbc użytkownika komputera /
_cAleksander Bremer, Mirosław Sławik.
260 _aChorzów :
_bVideograf Edukacja,
_c2004.
300 _a423, [15] s. :
_bil. ;
_c24 cm.
500 _aNa okł. podtyt.: "kompendium wiedzy informatycznej : poradnik".
650 9 _aInformatyka
655 _aPodręczniki
700 1 _aSławik, Mirosław.
020 _a8389232448
040 _cBPK
041 0 _apol
044 _aPOL
080 _a004(07)
920 _a83-89232-44-8
942 _cKS
008 s pl f |000 0 pol
999 _c54096
_d54096
856 _uhttp://koha.tu.koszalin.pl/cgi-bin/koha/opac-detail.pl?biblionumber=54096
_yKatalog online BPK